The Impractical Jokers/Tenderloins General Knowledge - Statistics

General Stats
  • This quiz has been taken 362 times
    360 since last reset
  • The average score is 6 of 15
Answer Stats
Hint Answer % Correct
Sal hates germs and these animals: cats
85%
Who is married? Joe Gatto
72%
He had a crush on his Spanish teacher. James Murray
70%
His dad has appeared on the Impractical Jokers more than once. Brian Quinn
69%
He delivered pizza in college. Sal Vulcano
60%
Joe touches people with his what? nose
59%
Which New York borough are the Tenderloins from? Staten Island
59%
Brian Quinn's former occupation? firefighter
47%
Brian Quinn has been called a "fat ____" (name the actress)? Rosie O'Donnell
45%
Brian Quinn was concieved in what borough? Brooklyn
36%
The Tenderloins Comedy Troupe met where? school
23%
Sal had a homosexual affair with him. Craig Murray
12%
______The Greatest Fish Ever Gordon
7%
Maximum Security Workout with R.A. Washington---What does R.A. stand for? Ronald Anne
3%
In the Craig Murray Incident, what was Sal's daughter's name? Hayley
1%
No matching quizzes found
Score Distribution
Percent of People with Each Score
Percentile by Number Answered
Your Score History
You have not taken this quiz since the last reset